Loading...
| Current Events | 1 | 10.00 | 100% | 0% | 0% |
| Fine Arts - Classical Music | 9 | 15.56 | 78% | 78% | 0% |
| Fine Arts - Other | 5 | 16.00 | 100% | 60% | 0% |
| Fine Arts - Painting and Sculpture | 9 | 18.89 | 100% | 78% | 11% |
| History - American | 6 | 21.67 | 100% | 100% | 17% |
| History - European | 10 | 20.00 | 100% | 80% | 20% |
| History - Other | 8 | 20.00 | 100% | 88% | 13% |
| History - World | 9 | 18.89 | 78% | 67% | 44% |
| Literature - American | 10 | 23.00 | 100% | 90% | 40% |
| Literature - British | 9 | 22.22 | 100% | 78% | 44% |
| Literature - European | 8 | 22.50 | 100% | 88% | 38% |
| Literature - World | 9 | 24.44 | 100% | 100% | 44% |
| Mythology | 9 | 18.89 | 100% | 67% | 22% |
| Other Academic | 1 | 10.00 | 100% | 0% | 0% |
| Philosophy | 7 | 18.57 | 100% | 71% | 14% |
| Pop Culture | 1 | 20.00 | 100% | 100% | 0% |
| Religion | 10 | 20.00 | 100% | 60% | 40% |
| Science - Biology | 8 | 25.00 | 100% | 100% | 50% |
| Science - Chemistry | 9 | 26.67 | 100% | 100% | 67% |
| Science - Other | 8 | 15.00 | 100% | 38% | 13% |
| Science - Physics | 5 | 16.00 | 80% | 60% | 20% |
| Social Science | 9 | 17.78 | 100% | 67% | 11% |